Information Prime Minister's obligation (Record no. 351256)

000 -LEADER
fixed length control field 00457cam a22001577a 4500
008 - FIXED-LENGTH DATA ELEMENTS--GENERAL INFORMATION
fixed length control field 180718b1988 xxu||||| |||| 00| 0 eng d
082 ## - DEWEY DECIMAL CLASSIFICATION NUMBER
Classification number I2402x54 P17
100 ## - MAIN ENTRY--PERSONAL NAME
Personal name Pal, R.N.
245 ## - TITLE STATEMENT
Title Information Prime Minister's obligation
Statement of responsibility, etc. by R.N. Pal and Sudesh Rani
260 ## - PUBLICATION, DISTRIBUTION, ETC.
Place of publication, distribution, etc. New Delhi
Name of publisher, distributor, etc. Ghanshyam
Date of publication, distribution, etc. 1988
300 ## - PHYSICAL DESCRIPTION
Extent 249p.
650 ## - SUBJECT ADDED ENTRY--TOPICAL TERM
Topical term or geographic name entry element Executive power --India
650 ## - SUBJECT ADDED ENTRY--TOPICAL TERM
Topical term or geographic name entry element Prime ministers --India
650 ## - SUBJECT ADDED ENTRY--TOPICAL TERM
Topical term or geographic name entry element Presidents --India
700 ## - ADDED ENTRY--PERSONAL NAME
Personal name Sudesh Rani
Holdings
Withdrawn status Lost status Damaged status Not for loan Permanent Location Current Location Date acquired Full call number Barcode Date last seen Price effective from Koha item type
        Indian Institute of Public Administration Indian Institute of Public Administration 1993-11-11 I2402x54 P17 64281 2018-07-21 2018-07-21 Book

Powered by Koha